000 00310 a2200145 4500
001 177515
020 _a
040 _cMagnum
100 _aPontes, Hildebrando
240 1 0 _aTraca que traca traca
_lpor
245 1 0 _aTraca que traca traca
362 0 _a1899
697 _aMAGNITO: IJ/ANIMAIS
942 _cBK
999 _c177515
_d177515